000 00719cam a22002533a 4500
001 26018
003 PGUSA
005 20140828083547.0
008 080710s2008||||xxu|||||s|||||000 | eng d
040 _aPGUSA
_beng
042 _adc
050 4 _aPZ
100 1 _aBrowne, Frances
245 1 0 _aGranny's Wonderful Chair
_h[electronic resource] /
_cFrances Browne
260 _bProject Gutenberg,
_c2008
506 _aPublic domain in the USA.
516 _aElectronic text
653 _aFairy tales
653 _aChildren's stories, English
700 1 _aDixon, Arthur A.
_q(Arthur Augustus),
_d1872-1959
830 0 _aProject Gutenberg
_v26018
856 4 0 _uhttp://www.gutenberg.org/ebooks/26018
942 _cEB
999 _c255273
_d255273